000 01095nam a22002897a 4500
001 7822
003 FISKH
005 20250811131454.0
008 250811b cb ||||| |||| 00| 0 eng d
040 _aFISKH
_beng
_cFISKH
_dFISKH
050 _aPZ8.D39 P
082 _a823.914
100 _aDaynes, Katie
245 _aPinocchio /
_cCarlo Collodi ; Retold by Katie Daynes ; Illustrated by Mauri Evangelista
250 _aThis edition first published in 2004
260 _aLondon :
_bUsborne,
_c2004
300 _a64 pages :
_bcolor illustrations ;
_c20 cm
505 _aP
520 _a'Only good sons have the chance of becoming real boys', warns the wise cricket. But, try as he might, Pinocchio the puppet just can't stay out of trouble. Treasure hunts, false friends and funfairs lead him far from his poor, lonely father. Is Pinocchio doomed to be wooden forever?
521 8 _a640
_bLexile
521 8 _aP
_bRaz-Plus
650 _2Usborne
_aPrimary
650 _2Adventure
_aHallway
700 _aEvangelista, Mauro
_dillustrator
942 _2ddc
_cBK
_n0
999 _c7822
_d7822